000 00707cam a2200229 a 4500
001 000010059
005 20200929161825.0
008 780518s1977 dcu 000 p spa d
040 _aDO-SdBNP
_bspa
_cDLC
_dBNPHU
082 _aA861.44
_bG633e
100 1 _aGómez, Juan Carlos,
_d1935-
_925036
245 1 3 _aEl espejo y la puerta =
_bThe mirror and the door /
_cJuan Carlos Gómez.
260 _aWashington-Buenos Aires :
_bSolar,
_c1977.
300 _a63 p. ;
_c22 cm.
490 1 _aSolar
_v8
650 4 _aPoesía argentina
_93859
650 4 _aLiteratura argentina
_93860
740 0 _aThe mirror and the door.
830 0 _aSolar ;
_v8
_919241
910 _aCatalogación por copia / LC
049 _aBNGR
999 _c9818
_d9818